00614 2200241 4500001002100000005001500021035002000036008004100056245005200097100001300149250000600162260003600168300001100204020002200215084001400237082000800251650001500259990001800274990002000292990002000312990002000332990002000352INLIS00000000000034420240823014316 a0010-0724000344240823 0 ind 1 aSumatra 1 :bAyo Mengenal Indonesia /cMa'rifah aMa'rifah a1 aJakarta :bCV PAMULARSIH,c2010 a60 hlm a978-979-1494-32-8 a959 MUN a a959 4aKarya Umum aP29/CP/24/344 aP29/CP/24/344.2 aP29/CP/24/344.3 aP29/CP/24/344.5 aP29/CP/24/344.6